000 00880cam a2200289ui 4500
001 4439704
003 ARRUPE
005 20130927133100.0
008 800516s1980 enk b 001 0 eng d
020 _a0631110410
035 _a(OCoLC)6327664
035 _a(OCoLC)ocm06327664
035 _a(NNC)4439704
040 _aNNUT
_cNNUT
_dCStRLIN
050 _aBV150.
_bM379 1980
100 1 _aMartin, David A.,
_d1948-
_91629
245 1 4 _aThe breaking of the image :
_ba sociology of Christian theory and practice /
_cDavid Martin.
260 _aOxford :
_bBlackwell,
_c1980.
300 _ax, 211 p. ;
_c22 cm.
504 _aIncludes bibliographical references and index.
650 0 _aChristian sociology.
_91630
650 0 _aSymbolism.
_91631
650 0 _aSecularization (Theology)
_91632
650 0 _aSocial change.
_91633
942 _2lcc
_cMONOGRAPH
999 _c118134
_d118134